Beside clinics in medicine / (Record no. 133491)

MARC details
000 -LEADER
fixed length control field 00722nam a22002537a 4500
005 - DATE AND TIME OF LATEST TRANSACTION
control field 20170124110210.0
010 ## - LIBRARY OF CONGRESS CONTROL NUMBER
LC control number A-940689
020 ## - INTERNATIONAL STANDARD BOOK NUMBER
Terms of availability 250.00
International Standard Book Number 8186358765
035 ## - SYSTEM CONTROL NUMBER
System control number A-940689
037 ## - SOURCE OF ACQUISITION
Source of stock number/acquisition Cen Lib/Ret
040 ## - CATALOGING SOURCE
Original cataloging agency DPL
Language of cataloging EN
082 ## - DEWEY DECIMAL CLASSIFICATION NUMBER
Classification number 616
Item number KUN
100 ## - MAIN ENTRY--PERSONAL NAME
Personal name Kundu, Arup Kumar
9 (RLIN) 38084
245 ## - TITLE STATEMENT
Title Beside clinics in medicine /
Statement of responsibility, etc by Arup Kumar kundu
246 ## - VARYING FORM OF TITLE
Remainder of title
250 ## - EDITION STATEMENT
Edition statement 3rd ed
260 ## - PUBLICATION, DISTRIBUTION, ETC. (IMPRINT)
Name of publisher, distributor, etc Academic publishers
Date of publication, distribution, etc 1999
Place of publication, distribution, etc Calcutta
270 ## - ADDRESS
City Calcutta
Address 12/1A, Bankim chatterjee street
Postal code 700073
300 ## - PHYSICAL DESCRIPTION
Extent 447p.
Dimensions 23cm(Hb)
500 ## - GENERAL NOTE
General note Includes index
650 ## - SUBJECT ADDED ENTRY--TOPICAL TERM
Topical term or geographic name as entry element Medical sceince
9 (RLIN) 38085
650 ## - SUBJECT ADDED ENTRY--TOPICAL TERM
Topical term or geographic name as entry element Respiratory system
9 (RLIN) 38086
942 ## - ADDED ENTRY ELEMENTS (KOHA)
Source of classification or shelving scheme Dewey Decimal Classification
Koha item type English Books
Classification part 616
Call number suffix KUN
Holdings
Withdrawn status Lost status Damaged status Not for loan Home library Current library Date acquired Source of acquisition Cost, normal purchase price Total Checkouts Full call number Barcode Date last seen Copy number Cost, replacement price Price effective from Koha item type
        Central Library Central Library 27/07/2015 Cen Lib/Ret 250.00   616 KUN A-940689 27/07/2015 1 250.00 27/07/2015 English Books

© Delhi Public Library
Hit Counter
free hit counter